Journal of Chinese Humanities.

محفوظ في:

التنسيق: دورية

اللغة: Undetermined

الموضوعات:

الوصول للمادة أونلاين: Login to view Source

الوسوم: إضافة وسم

لا توجد وسوم, كن أول من يضع وسما على هذه التسجيلة!

رقم الطلب:

LEADER 00536nms a2200181Ia 4500
005 20240402054306.0
008 240131s9999||||xx |||||||||||||||||und||
999 |c 56467  |d 56467 
022 |a 2352-1333 
022 |a 2352-1341 
245 0 0 |a Journal of Chinese Humanities. 
336 |2 rdacontent  |a text  |b txt 
337 |2 rdamedia  |a unmediated  |b n 
338 |2 rdacarrier  |a volume  |b n 
500 |a 2023 increase # pages increase # issues. 
650 4 |a History. 
856 |z JOCH  |u https://brill.com/view/journals/joch/joch-overview.xml 
942 |2 lcc  |c EJL